5sos quiz - Statistics

General Stats
  • This quiz has been taken 665 times
  • The average score is 14 of 16
Answer Stats
Hint Answer % Correct
Who is the oldest? Ashton
93%
Who plays bass? Calum
93%
Who is 90% legs? Luke
92%
Calums Full Name calum thomas hood
91%
Lukes Mom liz
91%
Lukes Age 18
90%
Calums Age 18
90%
Michaels Age 18
90%
Ashtons Age 20
90%
Ashtons Full Name ashton fletcher irwin
90%
Who is going bald? Michael
90%
Michaels Full Name michael gordon clifford
89%
Lukes Full Name lucas robert hemmings
77%
Calums Mom joy
75%
Michaels Mom karen
69%
Ashtons Mom anne
65%
No matching quizzes found
Score Distribution
Percent of People with Each Score
Percentile by Number Answered
Your Score History
You have not taken this quiz